Normal view
MARC view
Entry Topical Term
001 - CONTROL NUMBER
- control field: 52324
003 - CONTROL NUMBER IDENTIFIER
- control field: ARRUPE
005 - DATE AND TIME OF LATEST TRANSACTION
- control field: 20230414144126.0
008 - FIXED-LENGTH DATA ELEMENTS
- fixed length control field: 230414|| aca||aabn | a|a d
040 ## - CATALOGING SOURCE
- Original cataloging agency: ARRUPE
- Transcribing agency: ARRUPE
150 ## - HEADING--TOPICAL TERM
- Topical term or geographic name as entry element: social justice
- Form subdivision: developing countries
670 ## - SOURCE DATA FOUND
- Source citation: Work cat.: (ARRUPE)131743: Santos, Boaventura DE Sousa Santos. 52323, Epistimologies of the souht;, 2013.